Vybrané problémy poistného trhu
Podstata, základné princípy fungovania a špecifiká poistného trhu. Základné princípy poistenia. Poistný trh ako súčasť finančného trhu. Ochrana hospodárskej súťaže na poistnom trhu. Subjekty poistného trhu. Dopyt a ponuka na poistnom trhu. Vývojové trendy ovplyvňujúce prostredie poistného trhu. Zme...
Gespeichert in:
| 1. Verfasser: | |
|---|---|
| Format: | Buchkapitel |
| Sprache: | Slowakisch |
| Schlagworte: | |
| Tags: |
Keine Tags, Fügen Sie das erste Tag hinzu!
|
MARC
| LEADER | 00000naa$a2200000$$$4500 | ||
|---|---|---|---|
| 001 | 0054036 | ||
| 005 | 20240502071627.4 | ||
| 041 | 0 | |a slo | |
| 044 | |a SK | ||
| 245 | 1 | 0 | |a Vybrané problémy poistného trhu |c Erika Pastoráková |
| 520 | |a Podstata, základné princípy fungovania a špecifiká poistného trhu. Základné princípy poistenia. Poistný trh ako súčasť finančného trhu. Ochrana hospodárskej súťaže na poistnom trhu. Subjekty poistného trhu. Dopyt a ponuka na poistnom trhu. Vývojové trendy ovplyvňujúce prostredie poistného trhu. Zmeny rizík v neživotnom poistení. Zmeny rizík v životnom poistení. Legislatívne zmeny. Finančné výkazníctvo poisťovní podľa medzinárodných štandardov. Globalizácia na poistnom trhu v Slovenskej republike. | ||
| 610 | 2 | 0 | |a poisťovníctvo |
| 610 | 2 | 0 | |a poisťovne |
| 610 | 2 | 0 | |a trh poistný |
| 610 | 2 | 0 | |a poistenie životné |
| 610 | 2 | 0 | |a poistenie neživotné |
| 610 | 2 | 0 | |a poistenie povinné |
| 610 | 2 | 0 | |a poistenie osôb |
| 610 | 2 | 0 | |a poistenie majetku |
| 610 | 2 | 0 | |a demografia |
| 610 | 2 | 0 | |a príjmy |
| 610 | 2 | 0 | |a účtovníctvo |
| 100 | 1 | |a Pastoráková, Erika, 1972- | |